Les 196 Pays du Monde : Sans Consonnes - Statistiques

Statistiques générales
  • Ce quiz a été pris 337 fois
    317 depuis la dernière actualisation
  • Le résultat moyen est 130 sur 196
Réponses sur la Carte
Les réponses sont colorées sur une échelle allant du rouge au vert en fonction du pourcentage des utilisateurs qui les ont devinées à leur premier essai. Vous pouvez retrouver ces pourcentages ci-dessous.
 
Statistiques - réponses
Voyelles Nom Complet % Correct
A Tchad
100%
A-E Cap-Vert
91%
Ae France | Malte
91%
Aa Ghana | Qatar | Rwanda
86%
Éa Népal
86%
Ei Brésil | Bénin
86%
Ia Irak | Iran | Liban
86%
Ie Chine | Inde | Niger
86%
Îe Aa Îles Marshall
86%
Aaa Bahamas | Canada | Kazakhstan | Panama
85%
Aei Bahreïn
84%
Ai Mali
84%
Ao Gabon | Japon | Laos | Maroc
84%
Éuiue Éoaiue U Oo République Démocratique du Congo
83%
Éuiue U Oo République du Congo
83%
Oo Togo
83%
Aeie Argentine
82%
Aéie Arménie
82%
Iéouie Biélorussie
82%
Oua Bhoutan | Honduras | Portugal | Soudan
82%
Uie Russie | Suisse
82%
Aea Danemark
81%
Eae Espagne | Grenade
81%
Aiua-E-Aua Antigua-et-Barbuda
80%
Èe Grèce
80%
Ée Yémen
80%
Eiue Belgique | Mexique
80%
Iae Finlande | Irlande | Islande | Zimbabwe
80%
Iaë Israël
80%
Ua Cuba
80%
Éa-Ui États-Unis
79%
Ii Chili | Fidji
79%
Oa Oman | Tonga
79%
Auaie Australie
77%
Oèe Norvège
77%
Ooie Colombie | Mongolie
77%
Aai Malawi
76%
Aeae Allemagne
76%
Uèe Suède
76%
Aaaa Madagascar
75%
Iaie Birmanie | Italie
75%
Oyaue-Ui Royaume-Uni
74%
Eie Belize | Serbie
72%
Éye Égypte
72%
Aaie Albanie | Tanzanie
71%
Éou Pérou
71%
Ooe Comores | Pologne
71%
Uaie Bulgarie | Ukraine
71%
Ay A Pays-Bas
70%
Eaii Eswatini
70%
Iye Libye
70%
Oaie Croatie | Jordanie | Moldavie | Somalie
70%
Aia Pakistan | Vatican
69%
Aïa Taïwan
69%
Aïae Thaïlande
69%
Aii Haiti
69%
Uiie Tunisie
69%
Uuuay Uruguay
69%
Aauay Paraguay
68%
Eoie Estonie | Lettonie
68%
Éoie Géorgie
68%
Uui Burundi
68%
Aiue U U Afrique du Sud
67%
Oiie Bolivie
67%
Aaie Aouie Arabie Saoudite
66%
Ouee-Éae Nouvelle-Zélande
66%
Uuie Turquie
66%
Aie Gambie | Maldives | Zambie
65%
Auie Autriche | Maurice
65%
Éa Ééé E Ioéie États Fédérés de Micronésie
65%
Eeuea Venezuela
65%
Ioéie Indonésie
65%
Iuaie Lituanie
65%
Oeï Koweït
65%
Oie Hongrie
65%
Oie-Eéoie Bosnie- Herzégovine
65%
Eya Kenya
64%
I Aa Sri Lanka
64%
Oée u O Corée du Nord
64%
Oée U U Corée du Sud
64%
Ye Chypre
63%
Éuaeu Équateur
62%
Ooo Kosovo
62%
Iê A Viêt Nam
61%
Ouaie Roumanie
61%
Uyaa Guyana
61%
Ééa Sénégal
60%
Uiae Suriname
60%
Aoe Andorre | Cambodge
59%
Éuiue Èue République Tchèque
59%
Yie Syrie
59%
Auiaie Mauritanie
58%
Aoa Angola | Samoa
57%
Eoo Lesotho
57%
Oa Ia Costa Rica
57%
Oéie Slovénie
57%
Aao Palaos | Salvador
56%
Éioie Éthiopie
56%
Iiie Philippines
56%
Uaeaa Guatemala
56%
Aae Bangladesh | Barbade
55%
Aaia Afghanistan
55%
Ieia Liberia | Nigeria
55%
Oauie Slovaquie
55%
Aiie Namibie
54%
Ai-Ie-E-E-Eaie Saint-Vincent-et-les-Grenadines
54%
Éyée Érythrée
54%
Eyee Seychelles
54%
Oééo Monténégro
54%
Uei Brunei
54%
Uiée Guinée
54%
Iaaua Nicaragua
53%
Ouéia Ouzbékistan
53%
Ueou Luxembourg
53%
Aéie Algérie
52%
Éuiue Oiiaie République Dominicaine
51%
Îe Aoo Îles Salomon
51%
Iié-E-Oao Trinité-et-Tobago
51%
Oaa Botswana
50%
Aaïue Jamaïque
49%
Aeou Cameroun
49%
Éuiue Eaiaie République Centrafricaine
49%
Ioui Djibouti
49%
Oaiue Mozambique
49%
Uéia Turkménistan
49%
Aaiie Malaisie
48%
Aeaïa Azerbaïdjan
48%
Aéoie U O Macédoine du Nord
48%
Aiia Tadjikistan
48%
Aouaie Ouee Uiée Papouasie Nouvelle Guinée
48%
Éia Aae Ui Émirats Arabes Unis
48%
Ôe Ioie Côte d'Ivoire
48%
Ouaa Ouganda
47%
Oua U U Soudan du Sud
47%
Ão-Oé-E-Íie São-Tomé-et-Príncipe
46%
Uiée-iau Guinée-Bissau
46%
Uia Ao Burkina Faso
45%
Uiée Éuaoiae Guinée Équatoriale
45%
Iea Eoe Sierra Leone
44%
Auau Vanuatu
43%
Iiia Kirghizistan
43%
Uau Tuvalu
43%
Iiai Kiribati
42%
Auu Nauru
39%
Oao Monaco
39%
Ai-Ai Saint-Marin
38%
Oiiue Dominique
38%
Io Oiea Timor Oriental
35%
Aie-Uie Sainte-Lucie
34%
Iaou Singapour
32%
Ieeei Liechtenstein
31%
Ai-Ioe-E-Iéè Saint-Christophe-et-Niévès
28%
Aucun quiz correspondant
Distribution des résultats
% des personnes avec chaque résultat
Percentile par nombre de réponses
Votre historique - résultats
Vous n’avez pas pris ce quiz depuis la dernière actualisation